MARC

LEADER 00000nam0a2200000 4500
001 378083
005 20231102012958.0
035 |a (RuTPU)RU\TPU\retro\35538 
035 |a RU\TPU\book\353250 
090 |a 378083 
100 |a 20230515d1964 km y0rusy50 ca 
101 0 |a rus 
102 |a RU 
105 |a a z 001zy 
200 1 |a Огнеупоры и шлаки в металлургии  |f И. Я. Залкинд, Ю. В. Троянкин 
210 |a Москва  |c Металлургиздат  |d 1964 
215 |a 288 с.  |c ил. 
320 |a Библиогр.: с. 278-288 
606 1 |a Металлургические шлаки  |x Характеристики  |x Физико-химические исследования  |x Химический анализ  |2 stltpush  |3 (RuTPU)RU\TPU\subj\42946  |9 62553 
606 1 |a Огнеупорные материалы  |x Химический анализ  |2 stltpush  |3 (RuTPU)RU\TPU\subj\35124  |9 56891 
610 1 |a шлаки 
610 1 |a огнеупоры 
610 1 |a металлургия 
610 1 |a физико-химические процессы 
610 1 |a высокие температуры 
610 1 |a шлакование 
610 1 |a шлакоудаление 
610 1 |a характеристики 
610 1 |a футеровка 
610 1 |a тепловые агрегаты 
610 1 |a свойства 
610 1 |a испытания 
675 |a 669.046  |v 4 
675 |a 666.76  |v 4 
700 1 |a Залкинд  |b И. Я.  |g Илья Яковлевич 
701 1 |a Троянкин  |b Ю. В.  |g Юрий Васильевич 
801 1 |a RU  |b 63413507  |c 20170201 
801 2 |a RU  |b 63413507  |c 20230515  |g RCR 
942 |c BK